Alternatívne formy zahraničnej trhovej angažovanosti v germanofónnych teoretických koncepciách a firemných stratégiách dizertačná práca
Saved in:
| Main Author: | |
|---|---|
| Corporate Author: | |
| Other Authors: | |
| Format: | Book |
| Language: | Slovak |
| Published: |
Bratislava
2002
|
| Subjects: | |
| Tags: |
No Tags, Be the first to tag this record!
|
MARC
| LEADER | 00000nbm a2200000 4500 | ||
|---|---|---|---|
| 001 | 0179025 | ||
| 005 | 20240802085557.0 | ||
| 041 | 0 | |a slo | |
| 044 | |a SK | ||
| 245 | 1 | 0 | |a Alternatívne formy zahraničnej trhovej angažovanosti v germanofónnych teoretických koncepciách a firemných stratégiách |b dizertačná práca |c Jana Koprlová ; školiteľ: Eduard Urban |
| 264 | 1 | |a Bratislava |c 2002 | |
| 300 | |a 188 s. | ||
| 610 | 2 | 0 | |a trh zahraničný |
| 610 | 2 | 0 | |a internacionalizácia výroby |
| 610 | 2 | 0 | |a stratégia podniková |
| 100 | 1 | |a Koprlová, Jana | |
| 700 | 1 | |a Urban, Eduard | |
| 710 | 2 | |a Ekonomická univerzita v Bratislave. Obchodná fakulta | |